<?xml version="1.0" encoding="UTF-8"?>
<record
    xmlns:xsi="http://www.w3.org/2001/XMLSchema-instance"
    xsi:schemaLocation="http://www.loc.gov/MARC21/slim http://www.loc.gov/standards/marcxml/schema/MARC21slim.xsd"
    xmlns="http://www.loc.gov/MARC21/slim">

  <leader>00657nam a2200121   4500</leader>
  <controlfield tag="008">250127b        |||||||| |||| 00| 0 eng d</controlfield>
  <datafield tag="022" ind1=" " ind2=" ">
    <subfield code="a">25837451</subfield>
  </datafield>
  <datafield tag="245" ind1=" " ind2=" ">
    <subfield code="a">&#x92A;&#x94D;&#x930;&#x92C;&#x941;&#x926;&#x94D;&#x927; &#x917;&#x94D;&#x930;&#x93E;&#x92E;;</subfield>
    <subfield code="b">Prabuddha gram/</subfield>
    <subfield code="c">&#x921;&#x949;. &#x915;&#x92E;&#x932; &#x92C;&#x94B;&#x938;</subfield>
  </datafield>
  <datafield tag="260" ind1=" " ind2=" ">
    <subfield code="a">&#x917;&#x94B;&#x92A;&#x93E;&#x932; &#x92E;&#x94B;&#x926;&#x940; &#x926;&#x94D;&#x935;&#x93E;&#x930;&#x93E; &#x905;&#x928;&#x94D;&#x928;&#x92A;&#x942;&#x930;&#x94D;&#x923;&#x93E; &#x92A;&#x94D;&#x930;&#x947;&#x938; &#x90F;&#x935;&#x902; &#x92A;&#x94D;&#x930;&#x94B;&#x938;&#x947;&#x938;, 5 &#x92E;&#x947;&#x928; &#x930;&#x94B;&#x921;, &#x930;&#x93E;&#x902;&#x91A;&#x940;, &#x91D;&#x93E;&#x930;&#x916;&#x923;&#x94D;&#x921;-834001</subfield>
    <subfield code="b">&#x938;&#x94D;&#x935;&#x93E;&#x92E;&#x940; &#x92D;&#x93E;&#x935;&#x947;&#x936;&#x93E;&#x928;&#x902;&#x926;</subfield>
    <subfield code="c">2024</subfield>
  </datafield>
  <datafield tag="300" ind1=" " ind2=" ">
    <subfield code="a">Vol,04 Issue.03</subfield>
    <subfield code="c">24cm</subfield>
  </datafield>
  <datafield tag="440" ind1=" " ind2=" ">
    <subfield code="a">&#x92A;&#x94D;&#x930;&#x92C;&#x941;&#x926;&#x94D;&#x927; &#x917;&#x94D;&#x930;&#x93E;&#x92E;; Prabuddha gram/</subfield>
    <subfield code="9">77086</subfield>
  </datafield>
  <datafield tag="942" ind1=" " ind2=" ">
    <subfield code="2">ddc</subfield>
    <subfield code="c">SR</subfield>
    <subfield code="m">pra</subfield>
    <subfield code="s">1</subfield>
  </datafield>
  <datafield tag="999" ind1=" " ind2=" ">
    <subfield code="c">208788</subfield>
    <subfield code="d">208788</subfield>
  </datafield>
  <datafield tag="952" ind1=" " ind2=" ">
    <subfield code="0">0</subfield>
    <subfield code="1">0</subfield>
    <subfield code="2">ddc</subfield>
    <subfield code="4">0</subfield>
    <subfield code="7">1</subfield>
    <subfield code="8">NFIC</subfield>
    <subfield code="a">DBAD</subfield>
    <subfield code="b">DBAD</subfield>
    <subfield code="c">DISPLAY</subfield>
    <subfield code="d">2025-01-27</subfield>
    <subfield code="e">DBAD</subfield>
    <subfield code="g">40.00</subfield>
    <subfield code="l">0</subfield>
    <subfield code="o">pra</subfield>
    <subfield code="r">2025-01-27 00:00:00</subfield>
    <subfield code="t">1</subfield>
    <subfield code="v">40.00</subfield>
    <subfield code="w">2025-01-27</subfield>
    <subfield code="y">SR</subfield>
  </datafield>
</record>
